| 000 | 00859cam a2200265 a 4500 | ||
|---|---|---|---|
| 999 |
_c6109 _d6109 |
||
| 001 | 6109 | ||
| 003 | BD-JhCC | ||
| 005 | 20180417175146.0 | ||
| 008 | 020607s1969 dcu | |||| ||eng| | ||
| 035 | _a(BD-JhCC)6109 | ||
| 035 | _a1457625 | ||
| 040 |
_aBD-JhCC _dBD-JhCC |
||
| 041 | _aeng | ||
| 082 |
_a355.00973 _bAME 1969 |
||
| 245 | 0 | 0 |
_aAmerican military history / _cM. Matloff, general editor. |
| 260 |
_aWashington : _bOffice of the Chief of Military History, U.S Army, _c1969. |
||
| 300 |
_axvi, 701p ; _c26cm. |
||
| 490 | 1 | _aArmy historical series | |
| 500 | _aReplaces earlier publications issued by the U.S. Dept. of the Army under the same title. | ||
| 504 | _aBibliography: p. [639]-669. | ||
| 651 | 0 |
_aUnited States _xHistory, Military. |
|
| 700 | 1 |
_aMatloff, Maurice, _d1915-1993. |
|
| 830 | 0 | _aArmy historical series. | |
| 942 |
_2ddc _cBK |
||